[Event "Euskadi ch"]
[Site "Amorebieta"]
[Date "2006.04.21"]
[Round "5.10"]
[White "AGIRRETXE SAN SEBASTIAN, Jesus"]
[Black "BRATU, Jorge"]
[Result "0-1"]
[WhiteElo "2168"]
[BlackElo "2023"]
[PlyCount "104"]
[EventDate "2006.04.18"]

1. d4 d5 2. c4 c6 3. cxd5 cxd5 4. Nc3 Nf6 5. Nf3 Nc6 6. Bf4 Bf5 7. e3 e6 8. Bb5
Nd7 9. Qb3 Qb6 10. O-O a6 11. Bxc6 bxc6 12. Qa4 Be7 13. Rfc1 O-O 14. Nd1 Rfc8
15. Rc3 Qb5 16. Qb3 Bb4 17. Rcc1 Be7 18. Qc3 c5 19. dxc5 Rxc5 20. Qd2 Rac8 21.
Nc3 Qd3 22. Qe1 Bf6 23. Na4 Rc2 24. h3 R8c4 25. Rxc2 Qxc2 26. Rd1 Rxf4 27. Rc1
Qxa4 28. Rc8+ Nf8 29. exf4 Qxf4 30. Qa5 Be7 31. Qxa6 e5 32. Re8 Bc5 33. Qc6
Qc1+ 34. Kh2 e4 35. Nd2 e3 36. fxe3 Qc2 37. Qxd5 Be6 38. Qc6 Qf5 39. Nf3 Bd7
40. Qe4 Bd6+ 41. Kg1 Qc5 42. Rd8 Qc1+ 43. Kf2 Qxb2+ 44. Kg1 Qa1+ 45. Kf2 Qxa2+
46. Kg1 Qa1+ 47. Kf2 Qb2+ 48. Kg1 Qc1+ 49. Kf2 Qb2+ 50. Kf1 Bb5+ 51. Kg1 Qc1+
52. Kf2 Qf1# 0-1

[Event "Euskadi ch"]
[Site "Amorebieta"]
[Date "2006.04.21"]
[Round "5.11"]
[White "PRIETO ARANGUREN, Alain"]
[Black "URIA RAMIREZ, Aitor"]
[Result "1/2-1/2"]
[WhiteElo "2106"]
[BlackElo "2015"]
[PlyCount "68"]
[EventDate "2006.04.18"]

1. e4 c5 2. Nc3 Nc6 3. Nge2 Nf6 4. g3 d5 5. exd5 Nxd5 6. Bg2 e6 7. O-O Be7 8.
h3 O-O 9. Nxd5 exd5 10. d4 cxd4 11. Nxd4 Bf6 12. Be3 Be6 13. c3 Ne5 14. Qb3 Qd7
15. Nxe6 fxe6 16. Rad1 Rfd8 17. Bd4 Nc4 18. Bxf6 gxf6 19. Rd4 Rac8 20. Rfd1 Rc6
21. Qc2 Rd6 22. b3 Ne5 23. Qd2 b5 24. Qf4 Qe7 25. Bf1 a6 26. Be2 Rc6 27. Qd2
Rdc8 28. Rc1 Qc7 29. f4 Nf7 30. c4 Nd6 31. Bg4 f5 32. Be2 bxc4 33. bxc4 Nb5 34.
Rd3 Rxc4 1/2-1/2

[Event "Euskadi ch"]
[Site "Amorebieta"]
[Date "2006.04.21"]
[Round "5.12"]
[White "HERNANDEZ PEREZ, Jesus"]
[Black "GALARZA DOCAMPO, Karmel"]
[Result "1-0"]
[WhiteElo "2036"]
[BlackElo "2149"]
[PlyCount "45"]
[EventDate "2006.04.18"]

1. d4 Nf6 2. Bg5 e6 3. e4 h6 4. Bxf6 Qxf6 5. c3 g6 6. Bd3 d6 7. Ne2 Bg7 8. f4
Qh4+ 9. g3 Qe7 10. e5 Bd7 11. Be4 Bc6 12. Nd2 dxe5 13. dxe5 Qc5 14. Nd4 Bxe4
15. Nxe4 Qd5 16. Qe2 Nc6 17. Nxc6 Qxc6 18. O-O-O Ke7 19. Rd3 Rhd8 20. Rhd1 Rxd3
21. Qxd3 Qe8 22. Qc4 Qc6 23. Qd4 1-0

[Event "Euskadi ch"]
[Site "Amorebieta"]
[Date "2006.04.22"]
[Round "6.1"]
[White "ARGANDOÑA RIVEIRO, Iñigo"]
[Black "GOMEZ ESTEBAN, Juan Mario"]
[Result "0-1"]
[WhiteElo "2495"]
[BlackElo "2352"]
[PlyCount "194"]
[EventDate "2006.04.18"]

1. b3 d5 2. Bb2 c5 3. Nf3 f6 4. e3 e5 5. d4 cxd4 6. exd4 e4 7. Nfd2 f5 8. c4
Nf6 9. Nc3 Be6 10. cxd5 Nxd5 11. Bc4 Bb4 12. Nxd5 Bxd5 13. O-O O-O 14. Qe2 Nc6
15. Rad1 Kh8 16. f3 Bxd2 17. Qxd2 exf3 18. Bxd5 Qxd5 19. Rxf3 Rae8 20. Rc3 b6
21. Qd3 f4 22. Qc4 Ne7 23. Ba3 Rc8 24. Bxe7 Rxc4 25. bxc4 Qh5 26. Re1 Re8 27.
d5 Kg8 28. d6 Qc5+ 29. Kf1 Qd4 30. Rcc1 Qd3+ 31. Kf2 Qf5 32. Rcd1 Qd7 33. Rd5
h6 34. h4 Kh7 35. Re4 Qg4 36. Rd3 Qf5 37. Rdd4 Qd7 38. h5 Rc8 39. Bf6 Rg8 40.
Bh4 Rf8 41. Kf3 Rf5 42. Re7 Qc6+ 43. Kf2 Qc5 44. Ree4 Re5 45. Kf3 Qc6 46. Be7
Rxe4 47. Rxe4 Kg8 48. Kxf4 Kf7 49. g4 b5 50. cxb5 Qxb5 51. a4 Qf1+ 52. Ke5 Ke8
53. Rf4 Qe2+ 54. Re4 Qd3 55. Rd4 Qe3+ 56. Kd5 Kd7 57. Rc4 Qe6+ 58. Kc5 Qe5+ 59.
Kb4 Qb2+ 60. Kc5 Qb6+ 61. Kd5 Qb3 62. Kc5 Qb7 63. Kd4 Ke6 64. Kc3 Qf3+ 65. Kb4
Qd3 66. a5 a6 67. Bf8 Qd2+ 68. Kb3 Qd3+ 69. Kb4 Qb1+ 70. Kc3 Qe1+ 71. Kb3 Qb1+
72. Kc3 Qc1+ 73. Kb3 Qe3+ 74. Kb4 Qd3 75. Bxg7 Qxd6+ 76. Kb3 Qd1+ 77. Kb2 Qd2+
78. Kb3 Qxa5 79. Bxh6 Kd5 80. Rb4 Qa1 81. Rf4 Qb1+ 82. Ka3 Qd3+ 83. Ka2 Qe2+
84. Ka3 Qe7+ 85. Ka2 Qe6 86. Bg5 Kc6+ 87. Ka3 Qd6+ 88. Ka4 Qd1+ 89. Ka3 Qd3+
90. Kb2 Qb5+ 91. Kc3 Qxg5 92. Re4 a5 93. Kd3 Kc5 94. Ke2 Kb5 95. Kf3 a4 96. Rf4
Qd5+ 97. Kg3 a3 0-1

[Event "Euskadi ch"]
[Site "Amorebieta"]
[Date "2006.04.22"]
[Round "6.2"]
[White "ANDRES GONZALEZ, Alberto"]
[Black "ASTASIO LOPEZ, David"]
[Result "1-0"]
[WhiteElo "2413"]
[BlackElo "2074"]
[PlyCount "145"]
[EventDate "2006.04.18"]

1. d4 d5 2. c4 e6 3. Nf3 Nf6 4. g3 Bd6 5. Bg2 O-O 6. O-O c6 7. Nc3 Nbd7 8. Re1
dxc4 9. Bg5 h6 10. Bxf6 Nxf6 11. e4 Bc7 12. a4 Ba5 13. Re2 b5 14. Ne5 Qb6 15.
d5 cxd5 16. exd5 Bxc3 17. bxc3 exd5 18. Bxd5 Bb7 19. Bxb7 Qxb7 20. axb5 Qxb5
21. Qd4 Rfe8 22. Ree1 Rad8 23. Qf4 Rc8 24. Rxa7 Rc5 25. Nf3 Rxe1+ 26. Nxe1 Rf5
27. Qd4 Rd5 28. Qe3 Re5 29. Qc1 Qd5 30. Ra2 Ng4 31. h3 Nf6 32. Rd2 Qc5 33. Nf3
Rd5 34. Rd4 Rxd4 35. Nxd4 Ne4 36. Qe3 Qd5 37. Kh2 Nf6 38. f3 Qa5 39. h4 Qa2+
40. Kh3 Qa1 41. Kg2 Qb2+ 42. Kg1 Qb1+ 43. Kf2 Qb2+ 44. Ne2 Qb5 45. g4 Qb8 46.
Kg2 Qd8 47. Kh2 Qb8+ 48. Kh3 Qc8 49. Kg3 Qc7+ 50. Qf4 Qc5 51. Kg2 Nd5 52. Qb8+
Kh7 53. Qe8 Ne3+ 54. Kh3 Qa7 55. Nd4 Nd1 56. Qe1 Qa1 57. Qe4+ g6 58. Qe7 Nxc3
59. Qxf7+ Kh8 60. Qf8+ Kh7 61. Qe7+ Kh8 62. Qe3 Qh1+ 63. Kg3 Nd1 64. Qxh6+ Kg8
65. Qxg6+ Kh8 66. Qf6+ Kh7 67. Qf7+ Kh8 68. Qe8+ Kh7 69. Qe7+ Kh8 70. Kf4 Qh2+
71. Kg5 Qb2 72. Qd8+ Kh7 73. Qc7+ 1-0

[Event "Euskadi ch"]
[Site "Amorebieta"]
[Date "2006.04.22"]
[Round "6.3"]
[White "GONZALEZ DE LA TORRE, Sant"]
[Black "VARAS, Carlos"]
[Result "1-0"]
[WhiteElo "2318"]
[BlackElo "2291"]
[PlyCount "92"]
[EventDate "2006.04.18"]

1. e4 b6 2. d4 Bb7 3. Bd3 e6 4. Nf3 c5 5. dxc5 Bxc5 6. O-O Nc6 7. c3 Qc7 8. Qe2
Nf6 9. b4 Be7 10. e5 Ng4 11. Re1 d6 12. exd6 Bxd6 13. h3 Nge5 14. Be4 Nxf3+ 15.
Bxf3 O-O 16. Na3 Bf4 17. Nb5 Qb8 18. Bxf4 Qxf4 19. g3 Qf6 20. Qe3 Rfd8 21. Rad1
Qe7 22. a4 Rac8 23. Bg2 g6 24. h4 h5 25. Qg5 Qxg5 26. hxg5 Rb8 27. Rxd8+ Nxd8
28. Nxa7 Bxg2 29. Kxg2 Kf8 30. Rd1 Ke8 31. Nb5 Nb7 32. Nd6+ Nxd6 33. Rxd6 Ke7
34. Rc6 Kd7 35. b5 Ra8 36. Rxb6 Rxa4 37. Rb7+ Kd6 38. Rxf7 Rc4 39. b6 Rxc3 40.
Rf3 Rc6 41. Rb3 Rc8 42. b7 Rb8 43. Kf3 Kd5 44. Ke3 e5 45. Rb2 e4 46. Rb1 Ke5
1-0

[Event "Euskadi ch"]
[Site "Amorebieta"]
[Date "2006.04.22"]
[Round "6.5"]
[White "PEREZ DE MIGUEL, Alvaro"]
[Black "AXPE BALENCIAGA, Iñigo"]
[Result "1/2-1/2"]
[WhiteElo "2070"]
[BlackElo "2038"]
[PlyCount "201"]
[EventDate "2006.04.18"]

1. d4 c5 2. d5 Nf6 3. Nf3 d6 4. c4 Bg4 5. Nc3 g6 6. e4 Bg7 7. Be3 Na6 8. h3
Bxf3 9. Qxf3 Qa5 10. Bd2 Qb6 11. Be2 O-O 12. Nb5 Nb4 13. O-O Nc2 14. Rac1 a6
15. Rxc2 axb5 16. b4 bxc4 17. bxc5 Qxc5 18. Bxc4 Qd4 19. Re1 Rfc8 20. Qb3 Nxe4
21. Be3 Qf6 22. Qxb7 Rab8 23. Qd7 Nc5 24. Qg4 h5 25. Qg3 Qf5 26. Rec1 Rb1 27.
Rxb1 Qxc2 28. Rc1 Qb2 29. Qg5 Bf6 30. Qh6 Bg7 31. Qg5 Bf6 32. Qh6 Ne4 33. Qf4
Nc3 34. Bd3 Ne2+ 35. Bxe2 Rxc1+ 36. Bxc1 Qxe2 37. Qd2 Qc4 38. g3 Bd4 39. Bb2
Bxb2 40. Qxb2 Qxd5 41. Kh2 Qc4 42. Qb8+ Kg7 43. Qa7 Qc5 44. Qxc5 dxc5 45. a4 c4
46. a5 c3 47. a6 c2 48. a7 c1=Q 49. a8=Q Qe1 50. Qa7 Qe5 51. Qa4 Qe2 52. Kg2 e5
53. Qc6 Qd3 54. Qe8 Qd5+ 55. f3 Qd2+ 56. Kf1 Qe3 57. Kg2 Qd2+ 58. Kf1 Qg5 59.
Kf2 h4 60. gxh4 Qxh4+ 61. Ke2 Qg3 62. Qe7 Qf4 63. Qe8 Qc4+ 64. Ke3 Qc5+ 65. Ke2
Qc7 66. Ke3 f6 67. Qe6 Qf7 68. Qd6 Qb3+ 69. Kf2 Qf7 70. Ke3 g5 71. Kf2 Kg6 72.
Kg3 Qc4 73. Qe7 Qf7 74. Qd6 Qa7 75. Kg2 Qa2+ 76. Kg3 Qc4 77. Qe7 Qc6 78. Kf2
Kf5 79. Kg3 Kg6 80. Kf2 Qd5 81. Kg3 Qf7 82. Qd6 Kh5 83. Qd8 Qe6 84. Qh8+ Kg6
85. h4 gxh4+ 86. Kxh4 f5 87. Kg3 f4+ 88. Kf2 Qa2+ 89. Ke1 Qb1+ 90. Kd2 Qb2+ 91.
Kd1 Qb3+ 92. Kd2 Qe3+ 93. Kc2 Qe2+ 94. Kc1 Qe3+ 95. Kc2 Qc5+ 96. Kd2 Qf2+ 97.
Kc1 Qe3+ 98. Kc2 Qxf3 99. Qxe5 Qg4 100. Kd2 f3 101. Ke3 1/2-1/2

[Event "Euskadi ch"]
[Site "Amorebieta"]
[Date "2006.04.22"]
[Round "6.6"]
[White "NAVARRO CIA, Miguel"]
[Black "ARCE BALLUERCA, Jorge"]
[Result "1-0"]
[WhiteElo "2307"]
[BlackElo "2105"]
[PlyCount "71"]
[EventDate "2006.04.18"]

1. e4 d6 2. d4 Nf6 3. f3 c6 4. Nc3 e5 5. Be3 Qb6 6. Rb1 Be7 7. Qd2 Qc7 8. Nge2
O-O 9. Ng3 b5 10. Bd3 b4 11. Nce2 Be6 12. c4 bxc3 13. bxc3 Re8 14. O-O Nbd7 15.
c4 exd4 16. Nxd4 Ne5 17. f4 Nxd3 18. Qxd3 Bc8 19. Rfc1 Bf8 20. h3 a5 21. Nf3
Ba6 22. Bb6 Qe7 23. e5 dxe5 24. Nxe5 Nd5 25. Nxc6 Qh4 26. Qxd5 Qxg3 27. Rf1 Bb7
28. Bf2 Bxc6 29. Bxg3 Bxd5 30. cxd5 Re2 31. f5 Rxa2 32. Rfd1 Rc2 33. d6 f6 34.
d7 Be7 35. Bb8 Bd8 36. Re1 1-0

[Event "Euskadi ch"]
[Site "Amorebieta"]
[Date "2006.04.22"]
[Round "6.7"]
[White "OLAIZOLA ORTEGA, Luis"]
[Black "DIEZ FRAILE, David"]
[Result "0-1"]
[WhiteElo "2216"]
[BlackElo "2170"]
[PlyCount "100"]
[EventDate "2006.04.18"]

1. d4 Nf6 2. Nf3 e6 3. c4 b6 4. Nc3 Bb4 5. e3 Bb7 6. Bd3 Bxc3+ 7. bxc3 d6 8.
O-O Be4 9. Bxe4 Nxe4 10. Qc2 f5 11. Ne1 Qd7 12. f3 Nf6 13. e4 Nc6 14. Nd3 O-O
15. e5 dxe5 16. Nxe5 Nxe5 17. dxe5 Nh5 18. c5 Qd5 19. cxb6 axb6 20. Qe2 f4 21.
Bb2 Rxa2 22. Rxa2 Qxa2 23. Rd1 Qa4 24. c4 Ra8 25. Qd3 Qc6 26. Kf1 g6 27. Qd4
Qc5 28. Qxc5 bxc5 29. Ra1 Rxa1+ 30. Bxa1 Kf7 31. Bb2 Ng7 32. Ba3 g5 33. Bxc5
Kg6 34. g4 fxg3 35. hxg3 Kf5 36. Bd4 g4 37. Kf2 Ne8 38. Ke3 gxf3 39. Kxf3 h5
40. Bb2 c6 41. Kg2 Kg4 42. Bc3 Ng7 43. Bd4 Nf5 44. Bf2 Ne7 45. Bd4 Ng6 46. Bc3
h4 47. gxh4 Nxh4+ 48. Kf2 Kf4 49. Ke2 Ke4 50. Bb2 Nf3 0-1

[Event "Euskadi ch"]
[Site "Amorebieta"]
[Date "2006.04.22"]
[Round "6.10"]
[White "URIA RAMIREZ, Aitor"]
[Black "HERNANDEZ PEREZ, Jesus"]
[Result "0-1"]
[WhiteElo "2015"]
[BlackElo "2036"]
[PlyCount "144"]
[EventDate "2006.04.18"]

1. d4 d5 2. Nf3 Nf6 3. Bf4 c5 4. e3 Nc6 5. c3 e6 6. Nbd2 Be7 7. Bd3 O-O 8. Ne5
Bd7 9. h4 cxd4 10. exd4 Rc8 11. g4 Ne8 12. g5 f5 13. gxf6 Nxf6 14. Bg5 Be8 15.
Rg1 Kh8 16. Bxf6 Bxf6 17. Qg4 Nxe5 18. dxe5 Bxe5 19. Qxe6 Qf6 20. Qg4 Ba4 21.
f3 Bc6 22. Qh5 h6 23. Rg6 Qf4 24. Re6 Rce8 25. Qg6 Qg3+ 26. Kd1 Qxg6 27. Rxg6
Bf6 28. Kc2 Re7 29. h5 Be8 30. Rg2 Bxh5 31. Rh1 Be8 32. Nb3 Ba4 33. Rh5 Re5 34.
Rh1 Rfe8 35. Rg4 Bxb3+ 36. axb3 Rg5 37. Rhg1 Rxg4 38. Rxg4 g5 39. Rb4 b6 40.
Ra4 Re7 41. Ra1 Kg7 42. Kd2 Be5 43. Rh1 Bf4+ 44. Kc2 Re3 45. Rh3 Re1 46. b4 Re3
47. Bb5 Re1 48. Bd3 Rg1 49. Be2 Rg2 50. Kd3 Kg6 51. b3 h5 52. c4 dxc4+ 53. bxc4
Bd6 54. b5 h4 55. Ke3 Bc5+ 56. Kd3 Kf5 57. Kd2 Kf4 58. Ke1 Ke3 59. Bf1 Rg1 60.
f4+ Kxf4 61. Ke2 Rg3 62. Rh2 Ra3 63. Rh1 Ra2+ 64. Kd3 Rf2 65. Kc3 Be7 66. Bd3
g4 67. Be2 h3 68. Bf1 Bc5 69. Be2 h2 70. Kd2 Bd6 71. Kd3 g3 72. Bf1 Bb4 0-1

[Event "Euskadi ch"]
[Site "Amorebieta"]
[Date "2006.04.22"]
[Round "6.11"]
[White "GOIRIA MONTOYA, Anton"]
[Black "PRIETO ARANGUREN, Alain"]
[Result "0-1"]
[WhiteElo "1932"]
[BlackElo "2106"]
[PlyCount "63"]
[EventDate "2006.04.18"]

1. c4 Nf6 2. Nc3 g6 3. Nf3 Bg7 4. g3 O-O 5. Bg2 d6 6. O-O e5 7. d4 Nbd7 8. Qc2
c6 9. Bg5 Qc7 10. Rad1 h6 11. Bc1 Re8 12. Rfe1 a5 13. b3 e4 14. Nh4 d5 15. f3
exf3 16. exf3 dxc4 17. bxc4 Rxe1+ 18. Rxe1 Nf8 19. Ne4 g5 20. Nxf6+ Bxf6 21.
Nf5 Bxf5 22. Qxf5 Bxd4+ 23. Kh1 Ng6 24. f4 gxf4 25. gxf4 Bg7 26. Be4 Qe7 27.
Rg1 Re8 28. Bd3 Rd8 29. Bc2 Qe2 30. h4 Qf3+ 31. Kh2 Qf2+ 32. Rg2 0-1

[Event "Euskadi ch"]
[Site "Amorebieta"]
[Date "2006.04.22"]
[Round "6.12"]
[White "GALARZA DOCAMPO, Karmel"]
[Black "AGIRRETXE SAN SEBASTIAN, Jesus"]
[Result "0-1"]
[WhiteElo "2149"]
[BlackElo "2168"]
[PlyCount "52"]
[EventDate "2006.04.18"]

1. d4 d5 2. c4 e5 3. dxe5 d4 4. Nf3 Nc6 5. g3 Bg4 6. Bg2 Qd7 7. O-O O-O-O 8.
Nbd2 h5 9. h4 Nge7 10. Qb3 Ng6 11. Ne4 Re8 12. Re1 f6 13. Nh2 Bh3 14. Bh1 Ngxe5
15. Bf4 Qf5 16. Bxe5 Rxe5 17. Qf3 Bb4 18. Red1 Rhe8 19. a3 Bf8 20. Qxf5+ Bxf5
21. f3 Bd7 22. b4 f5 23. b5 Na5 24. Nd2 Rxe2 25. f4 Bc5 26. Bf3 R2e3 0-1

[Event "Euskadi ch"]
[Site "Amorebieta"]
[Date "2006.04.23"]
[Round "7.1"]
[White "GOMEZ ESTEBAN, Juan Mario"]
[Black "GONZALEZ DE LA TORRE, Sant"]
[Result "1-0"]
[WhiteElo "2491"]
[BlackElo "2318"]
[PlyCount "107"]
[EventDate "2006.04.18"]

1. e4 c5 2. Nf3 d6 3. d4 Nf6 4. Nc3 cxd4 5. Nxd4 a6 6. f3 e5 7. Nb3 Be6 8. Be3
Be7 9. Qd2 O-O 10. O-O-O Nbd7 11. g4 Qc7 12. g5 Nh5 13. Nd5 Bxd5 14. Qxd5 b5
15. Kb1 Nb6 16. Bxb6 Qxb6 17. Qd2 a5 18. Nc1 b4 19. Nd3 Rfb8 20. f4 Nxf4 21.
Nxf4 exf4 22. Qxf4 d5 23. Rxd5 a4 24. Bc4 b3 25. cxb3 axb3 26. axb3 Qa7 27. Kc2
Rb4 28. Rhd1 Rxc4+ 29. bxc4 Qa4+ 30. b3 Qa2+ 31. Kc3 g6 32. Qc7 Ra7 33. Qb6 h5
34. h4 Kh7 35. e5 Bf8 36. c5 Bg7 37. c6 Ra8 38. c7 Qe2 39. Qd4 Rc8 40. Rc5 Bf8
41. Rc4 Bg7 42. Rc5 Bf8 43. Rc4 Bg7 44. Kb4 Bf8+ 45. Kb5 Rxc7 46. Rd2 Qf1 47.
Rf2 Rb7+ 48. Kc6 Qh1+ 49. Qe4 Qg1 50. Kxb7 Qxf2 51. b4 Qd2 52. Rc7 Bxb4 53.
Rxf7+ Kh8 54. Qc6 1-0

[Event "Euskadi ch"]
[Site "Amorebieta"]
[Date "2006.04.23"]
[Round "7.2"]
[White "ARGANDOÑA RIVEIRO, Iñigo"]
[Black "ANDRES GONZALEZ, Alberto"]
[Result "1/2-1/2"]
[WhiteElo "2352"]
[BlackElo "2413"]
[PlyCount "25"]
[EventDate "2006.04.18"]

1. d4 d5 2. Nf3 Nc6 3. Bf4 Bg4 4. e3 e6 5. c3 Bd6 6. Be2 Nge7 7. Nbd2 O-O 8.
Bxd6 Qxd6 9. O-O Bxf3 10. Nxf3 e5 11. dxe5 Nxe5 12. Nxe5 Qxe5 13. Qd4 1/2-1/2

[Event "Euskadi ch"]
[Site "Amorebieta"]
[Date "2006.04.23"]
[Round "7.3"]
[White "HUERGA LEACHE, Mikel"]
[Black "DIEZ FRAILE, David"]
[Result "1-0"]
[WhiteElo "2244"]
[BlackElo "2170"]
[PlyCount "239"]
[EventDate "2006.04.18"]

1. e4 c5 2. Nf3 d6 3. d4 cxd4 4. Nxd4 Nf6 5. f3 e5 6. Nb3 Be6 7. c4 Qc7 8. Bg5
Nbd7 9. Nc3 Rc8 10. Rc1 Be7 11. Nd5 Bxd5 12. cxd5 Qb8 13. Rxc8+ Qxc8 14. Qd2
Bd8 15. Bd3 Nc5 16. Nxc5 Qxc5 17. Be3 Qa5 18. Qxa5 Bxa5+ 19. Ke2 a6 20. b4 Bxb4
21. Rb1 a5 22. Rb3 Nd7 23. Bb5 Kd8 24. Bxd7 Kxd7 25. a3 Rc8 26. axb4 a4 27. Rb2
b5 28. Kd3 Rc4 29. g4 f6 30. Bd2 Rd4+ 31. Kc2 g6 32. Be3 Rc4+ 33. Kd3 Ke7 34.
Rf2 g5 35. h4 Kf7 36. hxg5 fxg5 37. Rh2 Kg6 38. Rb2 Rc8 39. Bd2 Kf6 40. Be3 h6
41. Rb1 Kf7 42. Rb2 Kf6 43. Kd2 Kf7 44. Bb6 Ke8 45. Rb1 Kf7 46. Kd3 Kf6 47. Be3
Kf7 48. Bd2 Kf6 49. Bc3 Kg6 50. Kc2 Rc4 51. Kb2 Rc8 52. Rd1 Kf7 53. Rd3 Rc4 54.
Be1 Rc8 55. Bf2 Rc4 56. Be1 Rc8 57. Rd2 Rc4 58. Rh2 Kg6 59. Bc3 Kg7 60. Rh1 Kg6
61. Rf1 Kf7 62. Rd1 Kf6 63. Rc1 Kf7 64. Rc2 Rc8 65. Rh2 Kg6 66. Kc2 Rc4 67. Kd3
Rc8 68. Rh1 Rc4 69. Rh2 Rc8 70. Ra2 Kf7 71. Bd2 Rc4 72. Rb2 Rc8 73. Be3 Rc4 74.
Bb6 Rc8 75. Ra2 Kf6 76. Rb2 Kg6 77. Rc2 Rxc2 78. Kxc2 Kf7 79. Be3 Ke7 80. Kd2
Kf7 81. Ke2 Ke7 82. Kf2 Kf7 83. Bc1 Kf6 84. Kg3 Kf7 85. Kh3 Kf6 86. Be3 Kg6 87.
Kg2 Kf6 88. Kf2 Ke7 89. Ke2 Ke8 90. Kd3 Kd7 91. Kc3 Ke8 92. Kb2 Kf7 93. Ka3 Kf6
94. Bc5 dxc5 95. bxc5 Ke7 96. c6 Kd6 97. Kb4 Kc7 98. Kc5 a3 99. d6+ Kd8 100.
Kb6 a2 101. c7+ Kd7 102. Kb7 a1=Q 103. c8=Q+ Kxd6 104. Qc6+ Ke7 105. Qxb5 Qd4
106. Qb6 Ke8 107. Qe6+ Kd8 108. Qg8+ Kd7 109. Qg7+ Kd8 110. Qh8+ Kd7 111. Qh7+
Kd8 112. Qg8+ Kd7 113. Qf7+ Kd8 114. Kc6 Qc3+ 115. Kd6 Qd3+ 116. Qd5 Qd4 117.
Ke6+ Kc8 118. Qxe5 Qb6+ 119. Kf7 Qf2 120. Qf5+ 1-0

[Event "Euskadi ch"]
[Site "Amorebieta"]
[Date "2006.04.23"]
[Round "7.4"]
[White "AXPE BALENCIAGA, Iñigo"]
[Black "NAVARRO CIA, Miguel"]
[Result "0-1"]
[WhiteElo "2038"]
[BlackElo "2307"]
[PlyCount "86"]
[EventDate "2006.04.18"]

1. d4 f5 2. c4 Nf6 3. Nc3 d6 4. g3 g6 5. Bg2 Bg7 6. Nh3 O-O 7. Nf4 Na6 8. O-O
e5 9. dxe5 dxe5 10. Nd3 e4 11. Nf4 c6 12. h4 Ng4 13. Qb3 Qe7 14. Na4 Rd8 15.
Rd1 Rxd1+ 16. Qxd1 Ne5 17. Qb3 Qf7 18. c5 Qxb3 19. axb3 Kf7 20. Be3 Ng4 21. Rd1
Nxe3 22. fxe3 h5 23. Rd6 Be5 24. Rd8 Rb8 25. Kf2 Be6 26. Nxe6 Kxe6 27. Rd2 Bc7
28. Nc3 Rd8 29. Rd4 Nxc5 30. b4 Nb3 31. Rc4 Nd2 32. Rd4 Bb6 33. Rxd8 Bxd8 34.
Ke1 Nc4 35. Nxe4 fxe4 36. Bxe4 Kf6 37. b3 Nxe3 38. Kf2 Nf5 39. Kf3 Bc7 40. b5
Nd4+ 41. Kg2 Nxb5 42. e3 Nd6 43. Bf3 Nf5 0-1

[Event "Euskadi ch"]
[Site "Amorebieta"]
[Date "2006.04.23"]
[Round "7.5"]
[White "ASTASIO LOPEZ, David"]
[Black "PEREZ DE MIGUEL, Alvaro"]
[Result "1-0"]
[WhiteElo "2074"]
[BlackElo "2070"]
[PlyCount "67"]
[EventDate "2006.04.18"]

1. d4 c5 2. e3 Nf6 3. Nf3 d5 4. Nbd2 Nc6 5. c3 Qc7 6. Bb5 Bg4 7. O-O e6 8. Qa4
Nd7 9. dxc5 Bxf3 10. Nxf3 Nxc5 11. Qg4 a6 12. Be2 Ne4 13. c4 h5 14. Qf4 Bd6 15.
Qh4 Be7 16. Qf4 Qxf4 17. exf4 d4 18. Rd1 Bf6 19. Ne1 Nc5 20. Nd3 Nxd3 21. Bxd3
O-O-O 22. Bd2 Ne7 23. b4 Kb8 24. a4 Rc8 25. Rab1 Rhd8 26. Rb3 Rd7 27. Rdb1 Ka7
28. b5 Nf5 29. bxa6 bxa6 30. c5 Bd8 31. Be4 a5 32. Rb7+ Rxb7 33. Rxb7+ Ka6 34.
c6 1-0

[Event "Euskadi ch"]
[Site "Amorebieta"]
[Date "2006.04.23"]
[Round "7.6"]
[White "ARGAYA URDANIZ, Miguel"]
[Black "VARAS, Carlos"]
[Result "0-1"]
[WhiteElo "2073"]
[BlackElo "2291"]
[PlyCount "112"]
[EventDate "2006.04.18"]

1. e4 c5 2. Nf3 e6 3. d4 cxd4 4. Nxd4 Nc6 5. Nxc6 bxc6 6. c4 Nf6 7. Bd3 e5 8.
O-O d6 9. Nc3 Be7 10. b3 Be6 11. f4 exf4 12. Bxf4 Ng4 13. Qf3 Bf6 14. Rac1 O-O
15. Bb1 Ne5 16. Qe2 Bg5 17. Qh5 Qb6+ 18. Kh1 Bxf4 19. Rxf4 Qe3 20. Rff1 a5 21.
Rfe1 Qa7 22. h3 a4 23. Nxa4 Bxc4 24. bxc4 Qxa4 25. c5 Qa3 26. Red1 f6 27. cxd6
Rfd8 28. d7 Rxd7 29. Rxd7 Qxc1+ 30. Qd1 Qxd1+ 31. Rxd1 c5 32. Bc2 Ra3 33. Kg1
Kf8 34. Ra1 Ke7 35. Kf2 c4 36. Ke2 Kd6 37. Rd1+ Kc5 38. Bb1 Kb4 39. Rd8 Kc3 40.
Rb8 Ra7 41. Ke3 Nc6 42. Rb6 Nb4 43. Re6 Ra3 44. Kf4 Kb2 45. Rb6 Ra4 46. e5 Kxb1
47. a3 c3 48. axb4 c2 49. Rc6 Rxb4+ 50. Kf5 Rb5 51. Ke6 Rxe5+ 52. Kf7 c1=Q 53.
Rxc1+ Kxc1 54. Kxg7 Rg5+ 55. Kxh7 Rxg2 56. h4 f5 0-1

[Event "Euskadi ch"]
[Site "Amorebieta"]
[Date "2006.04.23"]
[Round "7.7"]
[White "ARIAS GARCIA, Luis Javier"]
[Black "SALINERO DE PRADO, Juan M"]
[Result "1-0"]
[WhiteElo "2196"]
[BlackElo "2128"]
[PlyCount "99"]
[EventDate "2006.04.18"]

1. e4 c5 2. Nf3 a6 3. c4 e6 4. Nc3 d6 5. d4 cxd4 6. Nxd4 Nf6 7. Be3 Be7 8. Be2
O-O 9. O-O Bd7 10. Rc1 Nc6 11. f3 Rb8 12. a4 Nxd4 13. Qxd4 b6 14. Rfd1 Qc7 15.
Kh1 Bc6 16. Nd5 Bxd5 17. cxd5 Qb7 18. dxe6 fxe6 19. Bc4 d5 20. exd5 exd5 21.
Bxd5+ Nxd5 22. Qxd5+ Qxd5 23. Rxd5 Bf6 24. b3 Rfe8 25. Rd3 b5 26. Bf4 Rb7 27.
a5 Re2 28. Kg1 Ra2 29. Bc7 Be7 30. Kf1 Ba3 31. Rc6 Bb4 32. Rd8+ Kf7 33. Ra8
Ra1+ 34. Ke2 Re1+ 35. Kf2 Re7 36. Bd8 Re8 37. Rcxa6 Rd7 38. Bg5 Re5 39. Bf4 Rc5
40. R8a7 Rc2+ 41. Kg3 Be1+ 42. Kh3 Rxa7 43. Rxa7+ Kf6 44. a6 Ra2 45. Be3 g5 46.
Rxh7 Kg6 47. Ra7 Re2 48. Bxg5 b4 49. Rb7 Re8 50. g3 1-0

[Event "Euskadi ch"]
[Site "Amorebieta"]
[Date "2006.04.23"]
[Round "7.8"]
[White "LIMERES, Cristobal"]
[Black "PRIETO ARANGUREN, Alain"]
[Result "1-0"]
[WhiteElo "2238"]
[BlackElo "2106"]
[PlyCount "34"]
[EventDate "2006.04.18"]

1. d4 Nf6 2. c4 g6 3. Nc3 Bg7 4. e4 d6 5. Nge2 O-O 6. Ng3 e5 7. d5 c6 8. Be2
cxd5 9. cxd5 Nbd7 10. O-O a6 11. Be3 h5 12. f3 h4 13. Nh1 Nh5 14. Nf2 Bf6 15.
Nd3 Bg5 16. Qd2 Bxe3+ 17. Qxe3 Qf6 {Ilegible} 1-0

[Event "Euskadi ch"]
[Site "Amorebieta"]
[Date "2006.04.23"]
[Round "7.9"]
[White "ARCE BALLUERCA, Jorge"]
[Black "OLAIZOLA ORTEGA, Luis"]
[Result "1-0"]
[WhiteElo "2105"]
[BlackElo "2216"]
[PlyCount "91"]
[EventDate "2006.04.18"]

1. e4 e6 2. d3 d5 3. Nd2 Nf6 4. g3 c5 5. Bg2 Nc6 6. f4 dxe4 7. Nxe4 Nxe4 8.
dxe4 Qxd1+ 9. Kxd1 b6 10. e5 Bb7 11. c3 O-O-O+ 12. Ke1 Be7 13. Nh3 Rd7 14. Nf2
Rhd8 15. Be3 Kc7 16. Rg1 a5 17. a4 g5 18. Be4 h6 19. Ke2 Rg8 20. Kf3 Bc8 21.
Rgd1 Nb8 22. b4 Rxd1 23. Rxd1 Na6 24. b5 Nb8 25. c4 Nd7 26. Bc6 f5 27. exf6
Nxf6 28. Ne4 g4+ 29. Kg2 Nxe4 30. Bxe4 Bf6 31. f5 Be5 32. f6 Bxf6 33. Rf1 Bg5
34. Rf7+ Kd6 35. Bf4+ Bxf4 36. gxf4 Bd7 37. Kg3 h5 38. Rh7 Bc8 39. Rxh5 Rg7 40.
Rh4 e5 41. Rh6+ Kc7 42. fxe5 Re7 43. Kf4 Rf7+ 44. Rf6 Re7 45. Rc6+ Kd8 46.
Rxc8+ 1-0

[Event "Euskadi ch"]
[Site "Amorebieta"]
[Date "2006.04.23"]
[Round "7.10"]
[White "HERNANDEZ PEREZ, Jesus"]
[Black "BRATU, Jorge"]
[Result "1-0"]
[WhiteElo "2036"]
[BlackElo "2023"]
[PlyCount "149"]
[EventDate "2006.04.18"]

1. d4 d5 2. Nf3 Nf6 3. Bf4 Bf5 4. e3 e6 5. Nbd2 Nbd7 6. Be2 Be7 7. Ne5 Nxe5 8.
Bxe5 Bd6 9. Nf3 Bg4 10. Bxd6 Qxd6 11. O-O O-O 12. c4 c6 13. c5 Qc7 14. Ne5 Bxe2
15. Qxe2 Nd7 16. f4 f5 17. Nxd7 Qxd7 18. b4 b5 19. cxb6 axb6 20. Rfc1 Rfc8 21.
Rc3 b5 22. Qc2 Qb7 23. Kf2 Ra6 24. Qe2 Rca8 25. a3 Qa7 26. Qd2 Qb7 27. Qe1 Kf7
28. Ra2 Rc8 29. Rac2 Ke8 30. Qd1 g6 31. g4 Qf7 32. Qe2 fxg4 33. Qxg4 Qf5 34.
Qe2 Qh3 35. Kg1 Kd7 36. e4 Qh5 37. Qxh5 gxh5 38. exd5 Rg8+ 39. Kf2 exd5 40. Re2
Rg7 41. Re5 Rf7 42. Kf3 Ra8 43. Rxh5 Raf8 44. Rh4 h5 45. Re3 Rf5 46. Re5 Rxe5
47. dxe5 Rf5 48. Rh3 c5 49. bxc5 Kc6 50. Rg3 Kxc5 51. Rg5 Rf8 52. Rxh5 Ra8 53.
f5 Rxa3+ 54. Kf4 d4 55. f6 Kd5 56. Rh7 Ra1 57. Rd7+ Ke6 58. Rd6+ Kf7 59. Rxd4
Rf1+ 60. Kg5 Rg1+ 61. Kf5 Rf1+ 62. Rf4 Re1 63. h4 Kf8 64. e6 Ra1 65. Rd4 Rf1+
66. Kg6 Rg1+ 67. Kh6 Ke8 68. e7 Kf7 69. Re4 Rg8 70. e8=Q+ Rxe8 71. Rxe8 Kxe8
72. Kg7 b4 73. f7+ Kd7 74. f8=Q b3 75. Qb4 1-0

[Event "Euskadi ch"]
[Site "Amorebieta"]
[Date "2006.04.23"]
[Round "7.11"]
[White "AGIRRETXE SAN SEBASTIAN, Jesus"]
[Black "URIA RAMIREZ, Aitor"]
[Result "1-0"]
[WhiteElo "2168"]
[BlackElo "2015"]
[PlyCount "33"]
[EventDate "2006.04.18"]

1. d4 d5 2. c4 c6 3. Nf3 Nf6 4. Nc3 a6 5. c5 Ne4 6. Qb3 Nd7 7. Nxe4 dxe4 8. Ng5
e6 9. Nxe4 Qc7 10. e3 Be7 11. Bd3 O-O 12. O-O e5 13. Bd2 Kh8 14. f4 exd4 15.
exd4 Nf6 16. Ng5 Bd8 17. Bc4 1-0